| 000 | 00566nam a2200205Ia 4500 | ||
|---|---|---|---|
| 001 | 7962 | ||
| 003 | GE_BSU | ||
| 008 | 181216s||||||||xx |||||||||||||| ||und|| | ||
| 040 | _cGE_BSU | ||
| 080 | _a744 | ||
| 100 | _aКичихин,Н.Н. | ||
| 245 | _aЧтение монтажных чертежей. | ||
| 250 | _a2-е изд. перераб. и дополн. | ||
| 260 | _aМ. | ||
| 260 | _bСтройиздат. | ||
| 260 | _c1975. | ||
| 300 | _a215 стр. 20 см. с илл. | ||
| 653 | _aЧтение монтажных чертежей. | ||
| 942 | _cBK | ||
| 999 |
_c41305 _d41305 |
||